00505 a2200169 4500003000500000005001700005010001300022040000900035082001300044100002200057245003200079260004200111300002300153505012700176600002200303650001000325Nust20230525112934.0 a28017388 cNust a823, GAL aGalsworthy, John, aSwan songc John Galsworthy aNew York,bC. Scribner’s sonsc1928 aviii, 360 pb20 cm aPart.1. Initiation Of The Canteen (Page-1), Part.2. Son Of Sleeping Dove (Page-105),Part.3. Soames Give Advice (Page-223). aGalsworthy, John, aNovel